[Event "2015 British Chess Championships: Championship"]
[Site "University of Warwick, Coventry, Warwickshire"]
[Date "2015.07.31"]
[Round "5"]
[Board "36"]
[White "Menadue, Jeremy F S"]
[Black "Lentzos, Ioanis"]
[Result "1/2-1/2"]
[WhiteElo "2042"]
[BlackElo "2019"]
[PlyCount "123"]
[EventDate "2015.07.27"]
[EventRounds "11"]
[EventCountry "ENG"]

1. d4 Nf6 2. c4 e6 3. Nc3 Bb4 4. Nf3 O-O 5. g3 b6 6. Bg2 Bb7 7. O-O c5 8. Nb5
cxd4 9. Qxd4 Nc6 10. Qd3 d5 11. a3 Be7 12. Bf4 Rc8 13. Rfd1 a6 14. Nc3 Na5 15.
cxd5 Nxd5 16. Nxd5 Qxd5 17. Qb1 Qc4 18. Ne5 Qxe2 19. Rd2 Qb5 20. Bxb7 Nxb7 21.
Rd7 Bf6 22. Rxb7 Bxe5 23. Bxe5 Qxe5 24. Rxb6 a5 25. b4 Rc3 26. bxa5 Qxa5 27.
Qb4 Qe5 28. Rb1 h5 29. Rb5 Qc7 30. Rxh5 Rc1+ 31. Rxc1 Qxc1+ 32. Kg2 Qc6+ 33.
Kh3 Qc8 34. Qh4 e5+ 35. Kg2 Qc6+ 36. f3 Qc2+ 37. Kh3 Qc8+ 38. g4 f6 39. Rh8+
Kf7 40. Qh5+ Ke7 41. Rxf8 Qxf8 42. Qh7 Kf7 43. Qd3 Qc8 44. a4 Qc5 45. Kg2 Qb4
46. Qc2 Qe1 47. Qa2+ Kf8 48. a5 e4 49. Qa3+ Kg8 50. fxe4 Qxe4+ 51. Qf3 Qc2+ 52.
Kh3 Qa2 53. Qf5 Qa3+ 54. Kg2 Qb2+ 55. Kg3 Qc3+ 56. Kf2 Qd2+ 57. Kg3 Qe3+ 58.
Kg2 Qe2+ 59. Kg1 Qe1+ 60. Kg2 Qe2+ 61. Kg3 Qe3+ 62. Kg2 1/2-1/2

[Event "2015 British Chess Championships: Championship"]
[Site "University of Warwick, Coventry, Warwickshire"]
[Date "2015.07.31"]
[Round "5"]
[Board "37"]
[White "Garnett, John S"]
[Black "Brozel, Sacha"]
[Result "1/2-1/2"]
[WhiteElo "1984"]
[BlackElo "1976"]
[PlyCount "131"]
[EventDate "2015.07.27"]
[EventRounds "11"]
[EventCountry "ENG"]

1. c4 b6 2. Nc3 Bb7 3. e4 c5 4. Nge2 Nc6 5. d4 cxd4 6. Nxd4 d6 7. Be3 Nf6 8. f3
e6 9. Be2 Be7 10. O-O O-O 11. Qd2 a6 12. Rfd1 Ne5 13. b3 Rc8 14. Rac1 Qc7 15.
Qe1 Ned7 16. Qg3 Rfd8 17. Bd3 Ne5 18. Bb1 Qb8 19. Na4 Ned7 20. Nc3 Nc5 21. Nde2
Rc7 22. Rd2 a5 23. Rcd1 Rcd7 24. Qh3 h6 25. g4 Nh7 26. f4 Qa8 27. Ng3 Nf6 28.
g5 hxg5 29. fxg5 Nfxe4 30. Ncxe4 Nxe4 31. g6 Nf6 32. Rf1 d5 33. gxf7+ Kxf7 34.
Qh5+ Kg8 35. Qg6 Rf8 36. Nh5 Rf7 37. Rdf2 Qd8 38. Bg5 Bc5 39. Bxf6 Rxf6 40.
Qh7+ Kf8 41. Qh8+ Ke7 42. Qxg7+ Kd6 43. Qxf6 Qxf6 44. Nxf6 Rf7 45. Ng4 dxc4 46.
bxc4 Rf3 47. Rd1+ Ke7 48. Kf1 Bxf2 49. Nxf2 Rc3 50. Bd3 Bf3 51. Rb1 e5 52. Ke1
Ra3 53. Rb2 e4 54. Be2 Bg2 55. Nd1 a4 56. Kf2 Bh3 57. Ne3 Be6 58. h4 Kf6 59.
Nd5+ Ke5 60. Nxb6 Rh3 61. h5 Kf4 62. Nxa4 e3+ 63. Kg2 Rg3+ 64. Kh2 Rh3+ 65. Kg2
Rg3+ 66. Kh2 1/2-1/2

[Event "2015 British Chess Championships: Championship"]
[Site "University of Warwick, Coventry, Warwickshire"]
[Date "2015.08.01"]
[Round "6"]
[Board "1"]
[White "Emms, John M"]
[Black "Howell, David W L"]
[Result "0-1"]
[WhiteElo "2460"]
[BlackElo "2698"]
[PlyCount "74"]
[EventDate "2015.07.27"]
[EventRounds "11"]
[EventCountry "ENG"]

1. Nf3 Nf6 2. c4 g6 3. Nc3 Bg7 4. g3 d5 5. cxd5 Nxd5 6. Bg2 Nc6 7. O-O Nb6 8.
d4 Nxd4 9. Nxd4 Qxd4 10. a4 Qxd1 11. Rxd1 Bxc3 12. bxc3 a5 13. Bf4 c6 14. Bc7
Nd7 15. Bh3 Ra7 16. Rab1 b5 17. Bf4 bxa4 18. Be3 c5 19. Bxd7+ Rxd7 20. Rxd7
Kxd7 21. Bxc5 Kc6 22. Ba3 Bf5 23. Ra1 e5 24. Kf1 Kb5 25. Ke1 Rc8 26. Bb2 Kc4
27. Kd2 f6 28. Kc1 Kb5 29. f3 h5 30. Kd2 Rd8+ 31. Ke3 Kc4 32. Ba3 Rd7 33. Bf8
Bc2 34. h4 Kb3 35. Ra3+ Kb2 36. c4 Rc7 37. Kd2 Bb3 0-1

[Event "2015 British Chess Championships: Championship"]
[Site "University of Warwick, Coventry, Warwickshire"]
[Date "2015.08.01"]
[Round "6"]
[Board "2"]
[White "Gormally, Daniel W"]
[Black "Hawkins, Jonathan"]
[Result "1-0"]
[WhiteElo "2484"]
[BlackElo "2554"]
[PlyCount "143"]
[EventDate "2015.07.27"]
[EventRounds "11"]
[EventCountry "ENG"]

1. e4 e5 2. Nf3 Nc6 3. Bb5 a6 4. Ba4 Nf6 5. O-O Be7 6. Re1 b5 7. Bb3 O-O 8. a4
b4 9. d3 d6 10. Nbd2 Na5 11. Ba2 c5 12. c3 Rb8 13. d4 Qc7 14. dxe5 dxe5 15. Nc4
Rd8 16. Qe2 b3 17. Nxa5 Qxa5 18. Bb1 Qc7 19. Bd3 Qd6 20. Bc4 Be6 21. Ng5 Bxc4
22. Qxc4 Rf8 23. Be3 Ng4 24. Nf3 Rfd8 25. h3 Nxe3 26. Rxe3 Rb6 27. Ree1 Qf6 28.
Red1 Rdb8 29. Rd5 Re6 30. Qe2 h5 31. Nd2 Qg5 32. Nc4 Rc8 33. Qf3 Rd8 34. Rxd8+
Bxd8 35. Qf5 Qf4 36. Rd1 Bf6 37. g3 Qh6 38. h4 g6 39. Qf3 g5 40. hxg5 Qxg5 41.
Ne3 h4 42. Nf5 hxg3 43. fxg3 Re8 44. Kg2 Rd8 45. Rxd8+ Bxd8 46. Qd3 Bf6 47.
Qxa6 Qd2+ 48. Kf3 Qd1+ 49. Qe2 Qa1 50. Kf2 Qxa4 51. Qg4+ Kf8 52. Nh6 Qe8 53.
Qg8+ Ke7 54. Nf5+ Kd7 55. Qxe8+ Kxe8 56. Ke2 Bg5 57. Nd6+ Ke7 58. Nb7 Bc1 59.
Nxc5 Bxb2 60. c4 Ba3 61. Nxb3 Kd6 62. Kf3 Bb4 63. Nc1 Ke6 64. Nd3 Be7 65. g4 f6
66. c5 Bd8 67. Ke2 Ba5 68. Nc1 Kd7 69. Kd3 Kc6 70. Kc4 Bc7 71. Nd3 Bd8 72. Nb4+
{Kd5+} 1-0

[Event "2015 British Chess Championships: Championship"]
[Site "University of Warwick, Coventry, Warwickshire"]
[Date "2015.08.01"]
[Round "6"]
[Board "3"]
[White "Pert, Nicholas"]
[Black "Hebden, Mark L"]
[Result "1-0"]
[WhiteElo "2562"]
[BlackElo "2500"]
[PlyCount "55"]
[EventDate "2015.07.27"]
[EventRounds "11"]
[EventCountry "ENG"]

1. d4 Nf6 2. Nf3 g6 3. g3 Bg7 4. Bg2 O-O 5. O-O d6 6. Nc3 Nbd7 7. a4 c6 8. e4
Qc7 9. b3 Re8 10. Ba3 Bf8 11. Re1 e5 12. dxe5 dxe5 13. Bxf8 Nxf8 14. a5 Bg4 15.
h3 Rad8 16. Qe2 Bxf3 17. Qxf3 N6d7 18. Bf1 Ne6 19. Ne2 Qd6 20. Qe3 Qc5 21. Red1
Nf6 22. Qxc5 Nxc5 23. f3 Na6 24. Kf2 Kf8 25. Ng1 Nb4 26. c3 Rxd1 27. Rxd1 Na2
28. Ne2 1-0

[Event "2015 British Chess Championships: Championship"]
[Site "University of Warwick, Coventry, Warwickshire"]
[Date "2015.08.01"]
[Round "6"]
[Board "4"]
[White "Arkell, Keith C"]
[Black "Weaving, Richard"]
[Result "1-0"]
[WhiteElo "2502"]
[BlackElo "2257"]
[PlyCount "107"]
[EventDate "2015.07.27"]
[EventRounds "11"]
[EventCountry "ENG"]

1. Nf3 Nf6 2. c4 e6 3. Nc3 d5 4. d4 dxc4 5. Qa4+ Nbd7 6. Bg5 a6 7. Bxf6 Qxf6 8.
Qxc4 c5 9. Ne4 Qf4 10. Ned2 b5 11. Qd3 cxd4 12. g3 Qd6 13. Bg2 Bb7 14. O-O Rd8
15. Qxd4 Qxd4 16. Nxd4 Bxg2 17. Kxg2 Ne5 18. N2f3 Nxf3 19. Nxf3 Be7 20. Rac1
O-O 21. Rc6 Rc8 22. Rfc1 Rxc6 23. Rxc6 Ra8 24. Ne5 Kf8 25. Rb6 Ke8 26. Rb7 Rc8
27. Ra7 f6 28. Nd3 Rc6 29. f4 Kf8 30. g4 Bd8 31. Kf3 a5 32. a3 a4 33. f5 exf5
34. gxf5 Be7 35. Rb7 Rc4 36. Rxb5 Rh4 37. Rb8+ Kf7 38. Rb7 Kf8 39. Nf4 Rxh2 40.
Ra7 Rh1 41. Rxa4 Rb1 42. Ra8+ Kf7 43. Ra7 Kf8 44. b4 Ra1 45. Ne6+ Kf7 46. Nxg7
Rg1 47. Ne6 Ke8 48. Nc7+ Kf8 49. Nd5 Bd6 50. Nxf6 Rf1+ 51. Ke4 Rf4+ 52. Kd5
Rxf5+ 53. Ke6 Rf2 54. Rf7# 1-0

[Event "2015 British Chess Championships: Championship"]
[Site "University of Warwick, Coventry, Warwickshire"]
[Date "2015.08.01"]
[Round "6"]
[Board "5"]
[White "Flear, Glenn C"]
[Black "Kalaiyalahan, Akshaya"]
[Result "1-0"]
[WhiteElo "2450"]
[BlackElo "1999"]
[PlyCount "71"]
[EventDate "2015.07.27"]
[EventRounds "11"]
[EventCountry "ENG"]

1. d4 d5 2. c4 c6 3. Nc3 Nf6 4. e3 Bf5 5. Nf3 e6 6. Nh4 Bg6 7. Nxg6 hxg6 8. Bd3
Bd6 9. h3 Nbd7 10. O-O g5 11. e4 dxe4 12. Nxe4 Nxe4 13. Bxe4 Bb8 14. Re1 Kf8
15. d5 cxd5 16. cxd5 e5 17. d6 Nc5 18. d7 Bc7 19. b3 Nxd7 20. Bxb7 Rb8 21. Bc6
Nb6 22. Ba3+ Kg8 23. Qxd8+ Rxd8 24. Be7 Rd4 25. Bxg5 Rd6 26. Rac1 Rg6 27. Be3
f5 28. Be8 Re6 29. Rxc7 Rxe8 30. Rxa7 Nc8 31. Rd7 Ne7 32. Bc5 Ng6 33. Red1 Kh7
34. Rf7 Rc8 35. Rxf5 Rxc5 36. Rh5+ 1-0

[Event "2015 British Chess Championships: Championship"]
[Site "University of Warwick, Coventry, Warwickshire"]
[Date "2015.08.01"]
[Round "6"]
[Board "6"]
[White "Mason, Donald J"]
[Black "Pert, Richard G"]
[Result "0-1"]
[WhiteElo "2145"]
[BlackElo "2440"]
[PlyCount "62"]
[EventDate "2015.07.27"]
[EventRounds "11"]
[EventCountry "ENG"]

1. c4 e6 2. Nf3 d5 3. d4 Nf6 4. g3 dxc4 5. Bg2 Bb4+ 6. Bd2 c5 7. dxc5 Bxc5 8.
Qa4+ Nbd7 9. Qxc4 O-O 10. O-O b5 11. Qxb5 Rb8 12. Qc4 Rxb2 13. Bc3 Rb6 14. Ba5
Ba6 15. Qxa6 Rxa6 16. Bxd8 Rxd8 17. Nc3 Rc8 18. Nb5 Rb6 19. a4 a6 20. Na3 Rb2
21. e3 Bf8 22. Nd4 Ne5 23. h3 g6 24. Rfd1 Nd5 25. Bxd5 exd5 26. Ndc2 Nc4 27.
Rxd5 Nxa3 28. Nxa3 Rc3 29. Rd8 Kg7 30. Ra8 Bxa3 31. Rxa6 Bf8 0-1

[Event "2015 British Chess Championships: Championship"]
[Site "University of Warwick, Coventry, Warwickshire"]
[Date "2015.08.01"]
[Round "6"]
[Board "7"]
[White "Summerscale, Aaron P"]
[Black "Golding, Alex"]
[Result "1-0"]
[WhiteElo "2416"]
[BlackElo "1963"]
[PlyCount "85"]
[EventDate "2015.07.27"]
[EventRounds "11"]
[EventCountry "ENG"]

1. Nf3 Nf6 2. c4 g6 3. Nc3 Bg7 4. d4 O-O 5. e4 d6 6. Be2 e5 7. O-O exd4 8. Nxd4
c6 9. Qc2 Re8 10. Rd1 Qc7 11. Bf4 Nbd7 12. Nf3 Bf8 13. b4 Nh5 14. Be3 Ng7 15.
Bh6 Ne5 16. Nd4 Qb6 17. a3 Ne6 18. Be3 Qc7 19. h3 Nxd4 20. Bxd4 Bh6 21. c5 dxc5
22. Bxc5 Rd8 23. Rxd8+ Qxd8 24. Rd1 Qh4 25. g3 Qf6 26. f4 Nd7 27. e5 Qf5 28.
Qxf5 gxf5 29. Bc4 b5 30. Bb3 Nxc5 31. Rd8+ Bf8 32. bxc5 Kg7 33. e6 Bxc5+ 34.
Kf1 b4 35. Ne2 bxa3 36. exf7 Rb8 37. Rg8+ Kh6 38. Ba2 Rb2 39. Rxc8 Rxa2 40.
Rxc6+ Kg7 41. Rxc5 Kxf7 42. Rxf5+ Ke6 43. Ra5 1-0

[Event "2015 British Chess Championships: Championship"]
[Site "University of Warwick, Coventry, Warwickshire"]
[Date "2015.08.01"]
[Round "6"]
[Board "8"]
[White "Hill, Alistair"]
[Black "Jackson, James P"]
[Result "1-0"]
[WhiteElo "2159"]
[BlackElo "2343"]
[PlyCount "155"]
[EventDate "2015.07.27"]
[EventRounds "11"]
[EventCountry "ENG"]

1. Nf3 Nf6 2. c4 e6 3. g3 d5 4. Bg2 c5 5. O-O Nc6 6. d4 Be7 7. dxc5 Bxc5 8. a3
O-O 9. b4 Be7 10. Nbd2 a5 11. b5 Nb8 12. Bb2 Nbd7 13. Rc1 a4 14. Qc2 Qa5 15.
Rfd1 h6 16. Bc3 Qb6 17. Qb2 Bc5 18. Bd4 Bxd4 19. Qxd4 Ra5 20. cxd5 exd5 21.
Qxb6 Nxb6 22. Nd4 Be6 23. Rc7 Rb8 24. Rb1 Kf8 25. Nxe6+ fxe6 26. Bh3 Ne8 27.
Rc3 Ke7 28. e4 d4 29. Rd3 Rd8 30. Rb4 Nc7 31. Rdxd4 Rxd4 32. Rxd4 Rxb5 33. Bf1
Rb2 34. Nc4 Nb5 35. Nxb2 Nxd4 36. Bd3 Kd6 37. f4 e5 38. Kf2 Kc5 39. Ke3 exf4+
40. gxf4 g5 41. h3 Nc6 42. Bc2 gxf4+ 43. Kxf4 Kd4 44. Bxa4 Ne5 45. Be8 Nc8 46.
Bh5 Nd6 47. Bf3 Ndf7 48. Bg4 Nd6 49. Bf5 b5 50. Be6 Nxe4 51. a4 b4 52. a5 Nc5
53. Bf5 Nc6 54. Kg4 Nxa5 55. Kh5 Kc3 56. Nd1+ Kd2 57. Nb2 Nc6 58. Kxh6 Ne5 59.
h4 Kc1 60. Kg7 Kxb2 61. h5 Ned3 62. h6 b3 63. h7 Ka2 64. h8=Q b2 65. Qa8+ Kb3
66. Qd5+ Kc3 67. Qa2 Kc2 68. Qc4+ Kd2 69. Bxd3 Nxd3 70. Qb3 Ke3 71. Kf6 Ke4 72.
Qc2 Kd4 73. Kf5 Ke3 74. Kg4 Ne5+ 75. Kg3 Nd3 76. Kh2 Kd4 77. Kg1 Ke3 78. Kf1
 1-0

[Event "2015 British Chess Championships: Championship"]
[Site "University of Warwick, Coventry, Warwickshire"]
[Date "2015.08.01"]
[Round "6"]
[Board "9"]
[White "Rudd, Jack"]
[Black "Batchelor, Peter J"]
[Result "0-1"]
[WhiteElo "2247"]
[BlackElo "2304"]
[PlyCount "78"]
[EventDate "2015.07.27"]
[EventRounds "11"]
[EventCountry "ENG"]

1. d4 Nf6 2. c4 e6 3. Nf3 d5 4. cxd5 exd5 5. Nc3 c6 6. Bg5 Be7 7. Qc2 O-O 8. e3
Ne4 9. Bf4 f5 10. Ne5 Nd7 11. Bd3 Nxe5 12. Bxe5 Bd6 13. f4 Bxe5 14. dxe5 Qb6
15. Ke2 Be6 16. g4 Rad8 17. gxf5 Bxf5 18. Rag1 Kh8 19. Nxe4 dxe4 20. Bxe4 Bxe4
21. Qxe4 Qxb2+ 22. Kf3 Qxa2 23. e6 Rf6 24. e7 Re8 25. Rd1 Qg8 26. Rd7 Re6 27.
Qd4 R6xe7 28. Rxe7 Rxe7 29. Qxa7 Qd5+ 30. Kf2 h6 31. Re1 Rd7 32. Qa8+ Kh7 33.
Qe8 c5 34. Rg1 Qf5 35. Kf3 c4 36. Rg3 c3 37. e4 Qf7 38. Qe5 c2 39. Qb2 Qh5+ 0-1

[Event "2015 British Chess Championships: Championship"]
[Site "University of Warwick, Coventry, Warwickshire"]
[Date "2015.08.01"]
[Round "6"]
[Board "10"]
[White "Williams, Simon K"]
[Black "Wadsworth, Matthew J"]
[Result "1-0"]
[WhiteElo "2426"]
[BlackElo "2160"]
[PlyCount "85"]
[EventDate "2015.07.27"]
[EventRounds "11"]
[EventCountry "ENG"]

1. d4 d5 2. c4 c6 3. Nc3 Nf6 4. cxd5 cxd5 5. Bf4 Nc6 6. e3 Bf5 7. Qb3 Na5 8.
Qa4+ Bd7 9. Qc2 e6 10. Bd3 Bb4 11. Nge2 Rc8 12. a3 Be7 13. O-O Qb6 14. Bg5 h6
15. Bxf6 Bxf6 16. Nf4 O-O 17. Qe2 Bg5 18. g3 Bxf4 19. gxf4 f5 20. Kh1 Nc4 21.
Bxc4 Rxc4 22. Rg1 Be8 23. Rg3 Kh7 24. Rag1 Rf7 25. h3 Qc7 26. Rc1 b5 27. Rgg1
a6 28. Na2 Qc8 29. b3 Rxc1 30. Rxc1 Rc7 31. Qd1 g5 32. Rxc7+ Qxc7 33. fxg5 hxg5
34. Qc1 Qe7 35. Nb4 g4 36. Nxa6 Kg8 37. Qc8 Kf7 38. Qc7 gxh3 39. Kh2 Qxc7+ 40.
Nxc7 Bd7 41. f4 Ke7 42. Na6 Be8 43. Kxh3 1-0

[Event "2015 British Chess Championships: Championship"]
[Site "University of Warwick, Coventry, Warwickshire"]
[Date "2015.08.01"]
[Round "6"]
[Board "11"]
[White "Beckett, Chris J"]
[Black "Ward, Chris G"]
[Result "0-1"]
[WhiteElo "2160"]
[BlackElo "2423"]
[PlyCount "102"]
[EventDate "2015.07.27"]
[EventRounds "11"]
[EventCountry "ENG"]

1. d4 c5 2. d5 g6 3. e4 Bg7 4. Nc3 d6 5. Bb5+ Bd7 6. a4 Nf6 7. Nf3 O-O 8. Nd2
Bg4 9. f3 Bc8 10. O-O e6 11. Bc4 Re8 12. Ndb1 Na6 13. Bb5 Rf8 14. Na3 Nb4 15.
Kh1 exd5 16. Nxd5 Nbxd5 17. exd5 a6 18. Bc4 Bd7 19. c3 b5 20. Bb3 c4 21. Bc2
Qb6 22. b4 cxb3 23. Bxb3 bxa4 24. Ba2 Qc5 25. Nb1 Rfe8 26. Ba3 Qc7 27. Qc1 Re2
28. Qf4 Re5 29. Nd2 Nxd5 30. Bxd5 Rxd5 31. Ne4 f5 32. Nxd6 Be5 33. Qc4 Qxc4 34.
Nxc4 Bc7 35. Rfd1 Be6 36. Nb2 Rxd1+ 37. Rxd1 Bb3 38. Rd7 Re8 39. Re7 Rxe7 40.
Bxe7 Kf7 41. Ba3 Be5 42. Kg1 Bxc3 43. Kf2 a5 44. Nd3 Bc2 45. Ne1 Bb1 46. Ke2
Bb4 47. Bb2 a3 48. Ba1 a2 49. Kd1 Be7 50. Nc2 Bxc2+ 51. Kxc2 Bf6 0-1

[Event "2015 British Chess Championships: Championship"]
[Site "University of Warwick, Coventry, Warwickshire"]
[Date "2015.08.01"]
[Round "6"]
[Board "12"]
[White "Cooper, John G"]
[Black "Jones, Steven A"]
[Result "1-0"]
[WhiteElo "2313"]
[BlackElo "2126"]
[PlyCount "59"]
[EventDate "2015.07.27"]
[EventRounds "11"]
[EventCountry "ENG"]

1. Nf3 c5 2. c4 Nc6 3. g3 g6 4. Bg2 Bg7 5. Nc3 e5 6. O-O Nge7 7. a3 O-O 8. Rb1
a5 9. Ne1 d6 10. Nc2 Be6 11. Ne3 f5 12. d3 f4 13. Ned5 g5 14. e3 Ng6 15. Qh5
Bf5 16. Be4 Rb8 17. Bxf5 Rxf5 18. Ne4 Nce7 19. g4 Rf8 20. Nxg5 h6 21. Ne6 Qd7
22. Nxe7+ Nxe7 23. Nxf8 Rxf8 24. b4 b6 25. bxa5 bxa5 26. Bd2 Qa4 27. Rb7 Qxa3
28. Rxe7 Qxd3 29. exf4 exf4 30. Qd5+ 1-0

[Event "2015 British Chess Championships: Championship"]
[Site "University of Warwick, Coventry, Warwickshire"]
[Date "2015.08.01"]
[Round "6"]
[Board "13"]
[White "Lewis, Andrew P"]
[Black "Richards, Heather S"]
[Result "1-0"]
[WhiteElo "2295"]
[BlackElo "2141"]
[PlyCount "85"]
[EventDate "2015.07.27"]
[EventRounds "11"]
[EventCountry "ENG"]

1. Nf3 Nc6 2. c4 e5 3. Nc3 Nf6 4. d3 Bb4 5. e4 O-O 6. g3 d6 7. Bg2 Nd4 8. h3
Be6 9. O-O Qd7 10. Kh2 Bxc3 11. bxc3 Nxf3+ 12. Qxf3 Qa4 13. Qe2 Nd7 14. f4 exf4
15. gxf4 f5 16. e5 c6 17. Rb1 Rab8 18. exd6 Rfe8 19. Be3 Qa3 20. Qf2 Qxd6 21.
Bxa7 Ra8 22. Rxb7 Qxd3 23. Qd4 Qxc4 24. Qxc4 Bxc4 25. Rxd7 Bxf1 26. Bxf1 Re4
27. Kg3 h5 28. Bd4 h4+ 29. Kf3 Ra4 30. Bd3 Re1 31. Bc2 Ra5 32. Bb3+ Kf8 33.
Rf7+ Ke8 34. Rxg7 c5 35. Bf6 Ra6 36. Be5 Kf8 37. Rf7+ Ke8 38. Rxf5 Rf1+ 39. Ke4
Rh1 40. Rh5 Rxh3 41. Kf5 Rh1 42. Be6 Ke7 43. Rh7+ 1-0

[Event "2015 British Chess Championships: Championship"]
[Site "University of Warwick, Coventry, Warwickshire"]
[Date "2015.08.01"]
[Round "6"]
[Board "14"]
[White "Osborne, Marcus E"]
[Black "Taylor, Adam A"]
[Result "0-1"]
[WhiteElo "2190"]
[BlackElo "2055"]
[PlyCount "82"]
[EventDate "2015.07.27"]
[EventRounds "11"]
[EventCountry "ENG"]

1. c4 c5 2. Nc3 Nc6 3. Nf3 e5 4. g3 g6 5. Bg2 Bg7 6. a3 a5 7. d4 cxd4 8. Nb5 d5
9. cxd5 Na7 10. Nxa7 Rxa7 11. e3 Qxd5 12. O-O Ne7 13. exd4 exd4 14. Re1 b6 15.
Ne5 Qb5 16. Bc6+ Nxc6 17. Nxc6+ Be6 18. Nxa7 Qd7 19. Qc2 O-O 20. Bf4 Qxa7 21.
Qc6 h5 22. Rxe6 fxe6 23. Qxe6+ Qf7 24. Qe2 Qd5 25. Rd1 b5 26. Qc2 g5 27. Bc1 h4
28. gxh4 gxh4 29. Re1 d3 30. Qd1 h3 31. Qg4 d2 32. Bxd2 Qxd2 33. Qe6+ Rf7 34.
Re2 Qc1+ 35. Re1 Qg5+ 36. Kf1 Qg2+ 37. Ke2 Qxf2+ 38. Kd1 Qd4+ 39. Kc1 Qxb2+ 40.
Kd1 Qd4+ 41. Kc1 Qc4+ 0-1

[Event "2015 British Chess Championships: Championship"]
[Site "University of Warwick, Coventry, Warwickshire"]
[Date "2015.08.01"]
[Round "6"]
[Board "15"]
[White "Storey, Charles H"]
[Black "Burke, Mitchell R"]
[Result "1-0"]
[WhiteElo "2245"]
[BlackElo "1966"]
[PlyCount "83"]
[EventDate "2015.07.27"]
[EventRounds "11"]
[EventCountry "ENG"]

1. d4 Nf6 2. Nf3 g6 3. c4 Bg7 4. Nc3 O-O 5. e4 d6 6. Be2 e5 7. O-O Nbd7 8. d5
a5 9. Ne1 Nc5 10. Qc2 Ne8 11. Be3 f5 12. Bxc5 dxc5 13. Nd3 b6 14. f4 exf4 15.
e5 Ba6 16. b3 Qe7 17. e6 Nd6 18. Nxf4 Bd4+ 19. Kh1 Qf6 20. Rac1 Rae8 21. Bd3
Qh4 22. Rce1 g5 23. g3 Qh6 24. Ng2 Rf6 25. Ne2 Be5 26. Ne3 Bb7 27. Kg1 c6 28.
Bxf5 Nxf5 29. Rxf5 Rxf5 30. Qxf5 Qf6 31. Qd3 cxd5 32. cxd5 Rd8 33. Ng4 Qg7 34.
Ne3 Qf6 35. Rd1 Qf3 36. e7 Re8 37. Rf1 Qh5 38. Rf8+ Rxf8 39. exf8=Q+ Kxf8 40.
Qf5+ Kg8 41. Qxe5 Qxe2 42. Qe8+ 1-0

[Event "2015 British Chess Championships: Championship"]
[Site "University of Warwick, Coventry, Warwickshire"]
[Date "2015.08.01"]
[Round "6"]
[Board "16"]
[White "Gower, Sam"]
[Black "Willmoth, Robert F"]
[Result "1/2-1/2"]
[WhiteElo "1915"]
[BlackElo "2173"]
[PlyCount "83"]
[EventDate "2015.07.27"]
[EventRounds "11"]
[EventCountry "ENG"]

1. e4 e6 2. d4 d5 3. Nc3 Nf6 4. e5 Nfd7 5. f4 c5 6. Nf3 Nc6 7. Be3 a6 8. Qd2
cxd4 9. Nxd4 Bc5 10. Be2 O-O 11. O-O Nxd4 12. Bxd4 Qb6 13. Bxc5 Nxc5 14. Qd4
Nd7 15. Qxb6 Nxb6 16. a4 Bd7 17. a5 Nc8 18. Na4 Rd8 19. Nc5 Rb8 20. Rfd1 Ne7
21. c3 Kf8 22. Kf2 Ke8 23. b4 Bc6 24. g3 Nc8 25. c4 Na7 26. cxd5 Bxd5 27. Bf3
Bxf3 28. Kxf3 Nc6 29. Rxd8+ Nxd8 30. Rb1 Rc8 31. Ne4 Rc2 32. b5 axb5 33. Rxb5
Kd7 34. Nd6 Kc7 35. Ne8+ Kc6 36. Rb6+ Kd7 37. Nd6 Rc6 38. Rb5 Rc7 39. h3 f6 40.
Ke4 fxe5 41. fxe5 Ke7 42. Kf4 1/2-1/2

[Event "2015 British Chess Championships: Championship"]
[Site "University of Warwick, Coventry, Warwickshire"]
[Date "2015.08.01"]
[Round "6"]
[Board "17"]
[White "Villiers, Thomas"]
[Black "Burrows, Martin P"]
[Result "1/2-1/2"]
[WhiteElo "2097"]
[BlackElo "2148"]
[PlyCount "72"]
[EventDate "2015.07.27"]
[EventRounds "11"]
[EventCountry "ENG"]

1. c4 Nf6 2. g3 g6 3. Bg2 Bg7 4. Nc3 O-O 5. e4 e5 6. Nge2 d6 7. d3 Be6 8. h3
Qd7 9. f4 Nc6 10. g4 exf4 11. Nxf4 Nd4 12. Be3 Ne8 13. O-O c6 14. Qd2 Nc7 15.
Qf2 c5 16. Rae1 Rab8 17. a4 a6 18. Nfd5 Bxd5 19. cxd5 b5 20. axb5 axb5 21. Ra1
Ra8 22. Ne2 Nxe2+ 23. Qxe2 b4 24. Qd2 Nb5 25. Bh6 Nd4 26. Bxg7 Kxg7 27. Rxa8
Rxa8 28. Qg5 Qd8 29. Qxd8 Rxd8 30. Ra1 g5 31. Kf2 Rd7 32. Bf3 Kf6 33. Bd1 Ke5
34. Ke3 Rc7 35. Ra8 Kf6 36. Ra6 Ke7 1/2-1/2

[Event "2015 British Chess Championships: Championship"]
[Site "University of Warwick, Coventry, Warwickshire"]
[Date "2015.08.01"]
[Round "6"]
[Board "18"]
[White "Waters, Clive L"]
[Black "Asenov, Pavel"]
[Result "0-1"]
[WhiteElo "2147"]
[BlackElo "2081"]
[PlyCount "70"]
[EventDate "2015.07.27"]
[EventRounds "11"]
[EventCountry "ENG"]

1. c4 Nf6 2. Nf3 g6 3. g3 Bg7 4. Bg2 O-O 5. O-O d6 6. Nc3 a6 7. b4 d5 8. d4 Nc6
9. b5 Na5 10. Ne5 dxc4 11. Bf4 axb5 12. Nxb5 c6 13. Nc3 Be6 14. Rb1 Nd5 15. Bd2
Qc7 16. Nf3 Nxc3 17. Bxc3 Bf5 18. Rc1 Rfd8 19. Qe1 Be4 20. Rd1 c5 21. d5 Bxc3
22. Qxc3 Bxd5 23. Ne5 Bxg2 24. Kxg2 b5 25. Ng4 f6 26. Qe3 Nb7 27. Qe6+ Kg7 28.
Rxd8 Nxd8 29. Qe3 Rxa2 30. h4 Nf7 31. h5 gxh5 32. Nh2 Qe5 33. Qf3 Qxe2 34. Qb7
Ng5 35. Qc7 Qe4+ 0-1

[Event "2015 British Chess Championships: Championship"]
[Site "University of Warwick, Coventry, Warwickshire"]
[Date "2015.08.01"]
[Round "6"]
[Board "19"]
[White "Lam, Paul G M"]
[Black "Fryer, David W"]
[Result "1-0"]
[WhiteElo "2136"]
[BlackElo "1951"]
[PlyCount "57"]
[EventDate "2015.07.27"]
[EventRounds "11"]
[EventCountry "ENG"]

1. e4 d6 2. Nc3 Nf6 3. g3 e5 4. Bg2 c5 5. Nge2 Nc6 6. O-O g6 7. d3 Bg7 8. h3
Rb8 9. Be3 Nd4 10. f4 Qa5 11. fxe5 dxe5 12. Bg5 Nh5 13. g4 Ne6 14. Bd2 Nf6 15.
Qe1 Qd8 16. Qg3 Nd7 17. Nd5 b5 18. h4 Bb7 19. Rf2 O-O 20. Raf1 b4 21. c3 a5 22.
g5 Ba6 23. c4 Bh8 24. Bh3 Bb7 25. Rxf7 Bxd5 26. cxd5 Nf4 27. Rxf8+ Nxf8 28.
Nxf4 exf4 29. Bxf4 1-0

[Event "2015 British Chess Championships: Championship"]
[Site "University of Warwick, Coventry, Warwickshire"]
[Date "2015.08.01"]
[Round "6"]
[Board "20"]
[White "Zhang, Anthony Y"]
[Black "Willson, Ollie"]
[Result "1-0"]
[WhiteElo "2109"]
[BlackElo "1909"]
[PlyCount "53"]
[EventDate "2015.07.27"]
[EventRounds "11"]
[EventCountry "ENG"]

1. d4 Nf6 2. Nf3 e6 3. c4 Bb4+ 4. Bd2 c5 5. Bxb4 cxb4 6. g3 O-O 7. Bg2 d6 8.
O-O Re8 9. a3 Qb6 10. axb4 Qxb4 11. Na3 Bd7 12. Qd3 e5 13. dxe5 dxe5 14. Ng5
Bc6 15. Nb5 Bxg2 16. Kxg2 Na6 17. Rfd1 e4 18. Qe3 h6 19. Nh3 Red8 20. b3 Rxd1
21. Rxd1 Nc5 22. Nd4 Rd8 23. Nc2 Qb6 24. Rxd8+ Qxd8 25. Qxc5 Qd2 26. Nd4 g6 27.
Qe5 1-0